| Tag |
First Indicator |
Second Indicator |
Subfields |
| LEADER |
00000cam a2200000 a 4500 |
| 001 |
in00000961981 |
| 005 |
20150926142203.0 |
| 007 |
hd afv|||baca |
| 008 |
850807s1642 miu a 00100 eng d |
| 035 |
|
|
|a (OCoLC)12360335
|
| 035 |
|
|
|9 AEU5415AM
|
| 037 |
|
|
|a CL0037000029
|b UMI
|
| 037 |
|
|
|b University Microfilms International, 300 N. Zeeb Rd., Ann Arbor, MI 48106
|
| 040 |
|
|
|a EAA
|c EAA
|d m/c
|d UtOrBLW
|
| 049 |
|
|
|a TXAI
|
| 099 |
|
|
|a film
|a B
|a 3609
|
| 100 |
1 |
|
|a Goodwin, Thomas,
|d 1586 or 1587-1642.
|
| 245 |
1 |
0 |
|a Romanæ historiae anthologia recognita et avcta :
|b an English exposition of the Roman antiquities : wherein many Roman & English offices are paralleld and divers obscure phrases explained : for the use of Abingdon School.
|
| 250 |
|
|
|a Newly revised and inlarged /
|b by the author.
|
| 264 |
|
3 |
|a Oxford :
|b Printed by Leonard Lichfield for Henry Cripps,
|c 1642.
|
| 300 |
|
|
|a 8 unnumbered pages, 277 pages, 23 unnumbered pages
|
| 336 |
|
|
|a text
|b txt
|2 rdacontent
|
| 337 |
|
|
|a microform
|b h
|2 rdamedia
|
| 338 |
|
|
|a microfilm reel
|b hd
|2 rdacarrier
|
| 500 |
|
|
|a Reproduction of original in Cambridge University Library.
|
| 500 |
|
|
|a Attributed to Thomas Godwin. cf. NUC pre-1956.
|
| 500 |
|
|
|a Dedication signed: Tho. Godwin.
|
| 500 |
|
|
|a Wing and NUC list author as Thomas Godwin.
|
| 500 |
|
|
|a Index: pages [1]-[23].
|
| 510 |
4 |
|
|a Wing
|c G985
|
| 533 |
|
|
|a Microfilm.
|b Ann Arbor, Mich. :
|c University Microfilms International,
|d 1978.
|e 1 microfilm reel ; 35 mm.
|f (Early English books, 1641-1700 ; 917:3)
|
| 500 |
|
|
|a Microform.
|
| 651 |
|
0 |
|a Rome
|x Antiquities.
|
| 740 |
3 |
|
|a An English exposition of the Roman antiquities.
|
| 830 |
|
0 |
|a Early English books, 1641-1700 ;
|v 917:3.
|
| 999 |
|
|
|a MARS
|
| 999 |
f |
f |
|s 3b3f6ea1-3c49-36f3-9268-89b5196a7c56
|i cc2507a5-aad4-3d21-9a80-f42a6d089e5b
|t 0
|
| 952 |
f |
f |
|p default
|a Texas A&M University
|b College Station
|c Sterling C. Evans Library
|d Evans: Microforms (3rd floor)
|t 0
|e film B 3609 917:3
|h Other scheme
|i microform -- microfilm reel
|
| 998 |
f |
f |
|a film B 3609 917:3
|t 0
|l Evans: Microforms (3rd floor)
|